000 00329nam a2200145Ia 4500
008 150201s2012 xx 000 0 und d
082 _a614.88
_bF12P
100 _aPANDA , U.N.
245 _aFIRST AID FOR NURSES
250 _a2ND
260 _bAITBS
_aDELHI
_c2012
300 _a133
650 _aFIRST AID
942 _2ddc
_cBK
_09
999 _c2004
_d2004